000 00701nam a2200241 i 4500
001 C2-0281451
003 PPAK
005 20180728012036.0
008 070822s2002 ua |||| ||||| | ara d
020 _a9773420841
040 _aPPAK
_beng
_cPPAK
_erda
082 0 4 _a297.382
_223
090 0 0 _a297.382
_bALI
_dR
100 1 _aAli Saud, Abdul Aziz bin Abdul Rahman,
_eauthor
245 1 0 _aAl-Warid al-Musfaa al-Mukhtar min kalam Allah Taala wa kalam saidil al-Ibrar
264 1 _aKaherah :
_bDarus Salam ,
_c2002
300 _a64 pages ;
_c12 cm
336 _2rdacontent
_atext
337 _2rdamedia
_aunmediated
338 _2rdacarrier
_avolume
650 1 0 _aPrayer - Islam.
942 _ddc
_cB
999 _c87787
_d87787